Fray Juan de Salazar, moralista y político ( 1619 ) / (Record no. 108763)
[ view plain ]
| 000 -LEADER | |
|---|---|
| campo de control de longitud fija | 00723nam a2200217 i 4500 |
| 001 - NÚMERO DE CONTROL | |
| campo de control | 108763 |
| 003 - IDENTIFICADOR DE NÚMERO DE CONTROL | |
| campo de control | ES-MaACL |
| 005 - FECHA Y HORA DE LA ÚLTIMA TRANSACCIÓN | |
| campo de control | 20230906184714.0 |
| 007 - CAMPO FIJO DE DESCRIPCIÓN FÍSICA--INFORMACIÓN GENERAL | |
| campo de control de longitud fija | t| |
| 008 - DATOS DE LONGITUD FIJA--INFORMACIÓN GENERAL | |
| campo de control de longitud fija | 061121s1972 sp r ||||1| spa d |
| 100 1# - ENTRADA PRINCIPAL--NOMBRE DE PERSONA | |
| Nombre de persona | Montoro Ballesteros, Alberto. |
| 9 (RLIN) | 82694 |
| 245 10 - MENCIÓN DEL TÍTULO | |
| Título | Fray Juan de Salazar, moralista y político ( 1619 ) / |
| Mención de responsabilidad, etc. | Alberto Montoro Ballesteros. |
| 250 ## - MENCION DE EDICION | |
| Mención de edición | [ 1.ª ed.]. |
| 260 ## - PUBLICACIÓN, DISTRIBUCIÓN, ETC. | |
| Lugar de publicación, distribución, etc. | Madrid : |
| Nombre del editor, distribuidor, etc. | Escelicer, |
| Fecha de publicación, distribución, etc. | 1972. |
| 300 ## - DESCRIPCIÓN FÍSICA | |
| Extensión | 168 p. ; |
| Dimensiones | 19 cm. |
| 490 1# - MENCIÓN DE SERIE | |
| Mención de serie | Biblioteca hispánica de filosofía del derecho ; |
| Designación de volumen o secuencia | 9 |
| 600 04 - PUNTO DE ACCESO ADICIONAL DE MATERIA--NOMBRE DE PERSONA | |
| Nombre de persona | Salazar, Juan de. |
| 9 (RLIN) | 101813 |
| 830 0# - PUNTO DE ACCESO ADICIONAL DE SERIE-TÍTULO UNIFORME | |
| Título uniforme | Biblioteca hispánica de filosofía del derecho ; |
| Designación de volumen o secuencia | 9 |
| 9 (RLIN) | 183210 |
| 852 ## - LOCALIZACIÓN | |
| Ubicación | ES-MaACL |
| Número de control de estantería | C-49769 |
| Sublocalización o colección | R.84889 |
| Estatus retirado | Estado de pérdida | Estado de daño | No para préstamo | Biblioteca de origen | Biblioteca actual | Ubicación en estantería | Fecha de adquisición | Fuente de adquisición | Total de préstamos | Signatura topográfica completa | Código de barras | Visto por última vez | Precio de reemplazo | Tipo de ítem Koha |
|---|---|---|---|---|---|---|---|---|---|---|---|---|---|---|
| Biblioteca del Ateneo de Madrid | Biblioteca del Ateneo de Madrid | Depósito 2 | 17/01/2008 | C-49769 | 1113489 | 23/02/2023 | 23/02/2023 | Libro impreso |
